| 000 | 00731nam a22002177a 4500 | ||
|---|---|---|---|
| 999 |
_c14071 _d14071 |
||
| 003 | MIRAKIL | ||
| 005 | 20200921133752.0 | ||
| 008 | 200921b tu ||||| |||| 00| 0 tur d | ||
| 040 |
_aTR-AnCHP _cTR-AnCHP |
||
| 041 | _atur | ||
| 082 |
_a923.2561 Ecevit, B. _bA47ü 19774 |
||
| 100 | _aAltan, Semih | ||
| 245 | 1 | 0 |
_aÜçüncü adam: _bBelgesel roman / _cSemih Altan. |
| 250 | _a5 bs. | ||
| 260 |
_aİstanbul: _bBirlik Yayınları, _c1974. |
||
| 300 |
_a208 s.: _c19 sm. |
||
| 500 | _aKapakta yapıt adı : C.İ.A.nın namlusunda üçüncü adam. | ||
| 600 | 1 | 4 |
_91370 _aEcevit, Bülent _cTürkiye Cumhuriyeti Başbakanı _d1925-2006 _xyaşamöyküsü |
| 650 | 0 |
_95055 _aSiyasetçiler _xYaşamöyküsü _zTürkiye |
|
| 942 |
_2ddc _cBKS |
||